Brawl Stars: Peep Skins by Picture - Statistics

General Stats
  • This quiz has been taken 12 times
  • The average score is 7 of 7
Answer Stats
Picture Answer % Correct
Ares Peep
100%
Bell Peep
100%
Retro Peep
100%
True Gold Peep
100%
True Silver Peep
100%
Sally Peep
88%
Knightmare Peep
75%
No matching quizzes found
Score Distribution
Percent of People with Each Score
Percentile by Number Answered
Your Score History
You have not taken this quiz